000 00332nam a2200133Ia 4500
008 151001s9999||||xx |||||||||||||| ||und||
100 _aकमल शुक्ल
245 _aदेवदासी
250 _a1
260 _bपराग प्रकाशन
260 _c1998
300 _a169
365 _b18
999 _c974409
_d974406